[Event "European Rapid 2017"]
[Site "Katowice POL"]
[Date "2017.12.17"]
[Round "10.3"]
[White "Navara, David"]
[Black "Kovalev, Vladislav"]
[Result "0-1"]
[WhiteTitle "GM"]
[BlackTitle "GM"]
[WhiteElo "2740"]
[BlackElo "2639"]
[WhiteFideId "309095"]
[BlackFideId "13504398"]
[EventDate "2017.12.16"]

1. e4 e5 2. Nf3 Nc6 3. Bb5 a6 4. Ba4 Nf6 5. O-O Be7 6. Re1 b5 7. Bb3 d6 8. c3
O-O 9. d4 Bg4 10. Be3 exd4 11. cxd4 Na5 12. Bc2 c5 13. h3 cxd4 14. Bxd4 Bh5 15.
Nbd2 Nc6 16. g4 Bg6 17. Nf1 Rc8 18. Rc1 Ne5 19. Bxe5 dxe5 20. Qxd8 Rfxd8 21.
Nxe5 Bb4 22. Nxg6 Bxe1 23. Ne7+ Kf8 24. Nxc8 Rxc8 25. g5 Nh5 26. Rxe1 Rxc2 27.
Ne3 Rxb2 28. Nd5 Rxa2 29. Rc1 f6 30. h4 a5 31. f4 b4 32. Rc8+ Kf7 33. f5 b3 34.
Rc7+ Ke8 35. Rc8+ Kd7 36. Nb6+ Ke7 37. Rc7+ Kd6 38. Rxg7 Nxg7 39. gxf6 Nxf5 40.
exf5 b2 41. Nc4+ 0-1

[Event "European Rapid 2017"]
[Site "Katowice POL"]
[Date "2017.12.17"]
[Round "10.5"]
[White "Moranda, Wojciech"]
[Black "Kovalenko, Igor"]
[Result "1-0"]
[WhiteTitle "GM"]
[BlackTitle "GM"]
[WhiteElo "2593"]
[BlackElo "2639"]
[WhiteFideId "1122401"]
[BlackFideId "14117908"]
[EventDate "2017.12.16"]

1. d4 Nf6 2. c4 e6 3. Nf3 b6 4. g3 Ba6 5. Qc2 Bb7 6. Bg2 c5 7. d5 exd5 8. cxd5
Nxd5 9. O-O Be7 10. Rd1 Nc6 11. Qf5 Nf6 12. e4 g6 13. Qf4 O-O 14. e5 Nh5 15. Qg4
d5 16. exd6 Bxd6 17. Nc3 Qb8 18. Qh4 Be7 19. Bg5 Bxg5 20. Qxg5 Kg7 21. Ne4 h6
22. Qe3 Na5 23. Qc3+ Kh7 24. Ne5 Qe8 25. Nd6 Qb8 26. Nxb7 Nxb7 27. Rd7 Nd8 28.
Rad1 Nf6 29. R7d6 Ne6 30. Nc6 Nd4 31. Nxb8 Ne2+ 32. Kf1 Nxc3 33. bxc3 Raxb8 34.
Rxf6 Kg7 35. Rc6 Rfd8 36. Rcd6 Re8 37. Rd7 a5 38. R1d6 b5 39. Bd5 Rf8 40. Rc6 c4
41. Rcc7 Rbd8 42. Rxf7+ Rxf7 43. Rxf7+ Kh8 44. Be6 Rd6 45. Re7 g5 46. f4 gxf4
47. gxf4 Rd3 48. f5 Rxc3 49. Ke2 Rc2+ 50. Ke3 Rc1 51. f6 Rf1 52. Re8+ 1-0

[Event "European Rapid 2017"]
[Site "Katowice POL"]
[Date "2017.12.17"]
[Round "10.7"]
[White "Fedorchuk, Sergey A."]
[Black "Gajewski, Grzegorz"]
[Result "1-0"]
[WhiteTitle "GM"]
[BlackTitle "GM"]
[WhiteElo "2648"]
[BlackElo "2601"]
[WhiteFideId "14102536"]
[BlackFideId "1116207"]
[EventDate "2017.12.16"]

1. e4 c5 2. Nf3 d6 3. d4 cxd4 4. Qxd4 Nc6 5. Bb5 a6 6. Bxc6+ bxc6 7. O-O e5 8.
Qd3 Ne7 9. Nbd2 f6 10. Rd1 d5 11. Nb3 Bg4 12. Bd2 f5 13. Nxe5 fxe4 14. Qc3 Bxd1
15. Rxd1 Qd6 16. Be3 Nf5 17. Nxc6 Rc8 18. Nba5 Be7 19. Qb3 Nxe3 20. fxe3 Rf8 21.
Qxd5 Qxd5 22. Rxd5 Rf6 23. Nxe7 Rxc2 24. Nf5 Rc1+ 25. Kf2 g6 26. g4 gxf5 27.
gxf5 Rc2+ 28. Kg3 Rxb2 29. Nc4 Rxa2 30. Nd6+ Ke7 31. Nxe4 Rh6 32. Re5+ Kf7 33.
Rc5 Rhxh2 34. Rc7+ Kf8 35. f6 Rh6 36. Ng5 1-0

[Event "European Rapid 2017"]
[Site "Katowice POL"]
[Date "2017.12.17"]
[Round "10.8"]
[White "Tregubov, Pavel V."]
[Black "Ponkratov, Pavel"]
[Result "0-1"]
[WhiteTitle "GM"]
[BlackTitle "GM"]
[WhiteElo "2575"]
[BlackElo "2613"]
[WhiteFideId "4115341"]
[BlackFideId "4157800"]
[EventDate "2017.12.16"]

1. d4 e6 2. c4 Bb4+ 3. Bd2 c5 4. Bxb4 cxb4 5. Nf3 d6 6. e4 Qb6 7. Nbd2 Ne7 8. g3
O-O 9. Bg2 Nd7 10. O-O e5 11. Nb3 a5 12. Rc1 a4 13. c5 dxc5 14. Nxc5 Nxc5 15.
dxc5 Qe6 16. a3 Nc6 17. axb4 Nxb4 18. Qd2 Nc6 19. Rfd1 Qb3 20. h3 Be6 21. Qc3
Qxc3 22. Rxc3 Rfd8 23. Re1 f6 24. Bf1 Kf8 25. Bc4 Bxh3 26. Bd5 Ke7 27. Nd2 Be6
28. Nc4 Ra7 29. Nd6 Nd4 30. Kg2 Bxd5 31. exd5 Rxd6 32. cxd6+ Kxd6 33. Rc8 b5 34.
Rec1 Kxd5 35. Rd8+ Ke6 36. Rb8 Kf5 37. f3 h5 38. Kf2 a3 39. bxa3 Rxa3 40. g4+
Kf4 41. gxh5 Ra2+ 42. Kf1 Kg3 0-1

[Event "European Rapid 2017"]
[Site "Katowice POL"]
[Date "2017.12.17"]
[Round "10.9"]
[White "Bartel, Mateusz"]
[Black "Pavlidis, Antonios"]
[Result "0-1"]
[WhiteTitle "GM"]
[BlackTitle "GM"]
[WhiteElo "2609"]
[BlackElo "2539"]
[WhiteFideId "1112635"]
[BlackFideId "4212312"]
[EventDate "2017.12.16"]

1. e4 c5 2. Nf3 e6 3. d4 cxd4 4. Nxd4 Nc6 5. Nc3 Qc7 6. Qd3 Nf6 7. Bg5 a6 8.
O-O-O Be7 9. Nxc6 bxc6 10. Qg3 e5 11. f4 h6 12. fxe5 Nh5 13. Bxe7 Nxg3 14. Bd6
Qxd6 15. exd6 Nxh1 16. Be2 Nf2 17. Rf1 Nxe4 18. Nxe4 O-O 19. Nc5 f5 20. Bc4+ Kh7
21. a4 Rf6 22. Rd1 a5 23. c3 Rb8 24. b3 Rf8 25. Kd2 Kg6 26. Ke3 Kf6 27. Kd4 Re8
28. h4 g6 29. g3 Re5 30. Rb1 Re8 31. Rf1 h5 32. Rb1 Re5 33. b4 Rb6 34. Nd3 c5+ 0-1

[Event "European Rapid 2017"]
[Site "Katowice POL"]
[Date "2017.12.17"]
[Round "10.10"]
[White "Jaracz, Pawel"]
[Black "Fridman, Daniel"]
[Result "0-1"]
[WhiteTitle "GM"]
[BlackTitle "GM"]
[WhiteElo "2465"]
[BlackElo "2633"]
[WhiteFideId "1102222"]
[BlackFideId "11600454"]
[EventDate "2017.12.16"]

1. e4 e5 2. Nf3 Nf6 3. Nxe5 d6 4. Nf3 Nxe4 5. Nc3 Nxc3 6. dxc3 Be7 7. Bf4 O-O 8.
Qd2 Nd7 9. Nd4 Nc5 10. f3 Bh4+ 11. g3 Re8+ 12. Be2 Bf6 13. O-O-O c6 14. Kb1 Qb6
15. Rhe1 Be6 16. Bf1 Na4 17. Nb3 d5 18. Qd3 a6 19. Be5 Bxe5 20. Rxe5 c5 21. Qe3
f6 22. Rxe6 Rxe6 23. Qc1 c4 24. Rxd5 cxb3 25. cxb3 Qc6 26. Qd2 Nb6 0-1

[Event "European Rapid 2017"]
[Site "Katowice POL"]
[Date "2017.12.17"]
[Round "10.11"]
[White "Castellanos Rodriguez, Renier"]
[Black "Potkin, Vladimir"]
[Result "0-1"]
[WhiteTitle "IM"]
[BlackTitle "GM"]
[WhiteElo "2501"]
[BlackElo "2574"]
[WhiteFideId "3404650"]
[BlackFideId "4131061"]
[EventDate "2017.12.16"]

1. d4 d5 2. Bf4 c5 3. e3 Nc6 4. c3 Nf6 5. Nd2 Bf5 6. Qb3 Qd7 7. Ngf3 c4 8. Qd1
e6 9. Nh4 Bd6 10. Nxf5 exf5 11. Qf3 Bxf4 12. Qxf4 O-O 13. h3 b5 14. g4 fxg4 15.
hxg4 Qxg4 16. Qh2 Qf5 17. O-O-O g5 18. Bh3 Qg6 19. Rdg1 h6 20. f4 g4 21. Bxg4
Nxg4 22. Rxg4 Qxg4 23. Qxh6 Qg7 24. Qxc6 Rae8 25. Qxd5 Rxe3 26. Nf3 Rfe8 27.
Qxb5 Qg3 28. Qh5 Kf8 29. Qc5+ Kg7 30. Qh5 Qxf4 31. Qh7+ Kf8 32. Qh8+ Ke7 33.
Qh4+ Qxh4 34. Nxh4 Kd7 0-1

[Event "European Rapid 2017"]
[Site "Katowice POL"]
[Date "2017.12.17"]
[Round "10.12"]
[White "Brunello, Sabino"]
[Black "Saric, Ante"]
[Result "1/2-1/2"]
[WhiteTitle "GM"]
[BlackTitle "GM"]
[WhiteElo "2553"]
[BlackElo "2540"]
[WhiteFideId "813613"]
[BlackFideId "14506254"]
[EventDate "2017.12.16"]

1. b3 b6 2. e4 Bb7 3. d3 d5 4. exd5 Qxd5 5. Bb2 c5 6. Nf3 Nc6 7. Nc3 Qd7 8. Be2
e5 9. O-O Bd6 10. Ne4 Nge7 11. Nxd6+ Qxd6 12. Re1 O-O 13. Bf1 f6 14. g3 Nd4 15.
Bg2 Nxf3+ 16. Bxf3 Bxf3 17. Qxf3 Nc6 18. a4 Rac8 19. Re2 Rc7 20. Rf1 Rfc8 21.
Qg2 Re7 22. f4 Rce8 23. fxe5 Nxe5 24. Rfe1 Kf7 25. Bxe5 1/2-1/2

[Event "European Rapid 2017"]
[Site "Katowice POL"]
[Date "2017.12.17"]
[Round "10.13"]
[White "Andriasian, Zaven"]
[Black "Miezis, Normunds"]
[Result "1-0"]
[WhiteTitle "GM"]
[BlackTitle "GM"]
[WhiteElo "2585"]
[BlackElo "2434"]
[WhiteFideId "13302000"]
[BlackFideId "11600136"]
[EventDate "2017.12.16"]

1. e4 c5 2. Nf3 e6 3. d3 Nc6 4. g3 e5 5. Bg2 g6 6. h4 h5 7. Bg5 f6 8. Be3 d6 9.
c3 Nh6 10. Na3 Ng4 11. Nc2 Bg7 12. O-O O-O 13. d4 cxd4 14. cxd4 Kh7 15. Qd2 Nxe3
16. Nxe3 Bh6 17. Qd3 Qb6 18. Nd5 Qa5 19. Rab1 Bg4 20. b4 Qd8 21. b5 Ne7 22. Ne3
Bxe3 23. Qxe3 Qb6 24. Rfd1 Rac8 25. Qd3 Kg7 26. Rd2 Rc7 27. Nh2 Be6 28. Qa3 Nc8
29. Nf3 Rff7 30. Kh2 Bg4 31. Ne1 Rc4 32. Nc2 exd4 33. Qd3 Rfc7 34. Nxd4 Rc3 35.
Qf1 R7c4 36. Nb3 Rc2 37. Rb2 R2c3 38. Rd3 Rc2 39. Rd2 R2c3 40. Rb1 Rc2 41. Qe1
R2c3 42. Bf1 Rc7 43. a4 Re7 44. Bg2 Rc4 45. f3 Be6 46. a5 Qc7 47. Nd4 Bf7 48. b6
axb6 49. axb6 Qc5 50. Qf2 Rb4 51. Rxb4 Qxb4 52. Rc2 Nxb6 53. Rb2 Qc5 54. Rxb6
Rc7 55. Rb2 Qe5 56. f4 Qa5 57. Qd2 Qa1 58. Nf3 Re7 59. Rb4 Qa3 60. Rd4 b5 61.
Qb4 Ra7 62. Qxa3 Rxa3 63. Rxd6 b4 64. Rb6 b3 65. e5 Ra2 66. exf6+ Kh6 67. Rb8
Kh7 68. Ng5+ 1-0

[Event "European Rapid 2017"]
[Site "Katowice POL"]
[Date "2017.12.17"]
[Round "10.14"]
[White "Demidov, Mikhail"]
[Black "Kantans, Toms"]
[Result "1/2-1/2"]
[WhiteTitle "IM"]
[BlackTitle "GM"]
[WhiteElo "2523"]
[BlackElo "2484"]
[WhiteFideId "4197143"]
[BlackFideId "11602945"]
[EventDate "2017.12.16"]

1. d4 Nf6 2. Nf3 g6 3. g3 Bg7 4. Bg2 O-O 5. O-O d5 6. c3 Nbd7 7. Nbd2 c5 8. Nb3
cxd4 9. cxd4 Ne4 10. Bf4 e6 11. Rc1 g5 12. Bc7 Qe7 13. Ne5 f6 14. Nd3 b6 15. Qc2
Ba6 16. f3 Nd6 17. Nb4 Bb5 18. Nc6 Bxc6 19. Qxc6 Nf7 20. e4 dxe4 21. fxe4 Rac8
22. Qb5 Nb8 23. Bxb8 Rxb8 24. Rc6 Rbc8 25. Rfc1 Rxc6 26. Qxc6 Nd6 27. Qc7 Qxc7
28. Rxc7 Rf7 29. Rc6 Rd7 30. Bh3 f5 31. e5 Nb5 32. Rxe6 g4 33. Bf1 Nxd4 34. Nxd4
Rxd4 35. Re7 Bf8 36. Rxa7 Bc5 37. Kg2 Rd2+ 38. Kh1 Rxb2 39. e6 Rc2 40. h4 f4 41.
e7 Kf7 42. Ra4 fxg3 43. Rf4+ Kxe7 44. Bg2 Bf2 45. Bf1 h5 46. Re4+ Kd6 47. Re2
Rc1 48. Kg2 Be1 49. Rb2 Ba5 50. Bd3 Ke5 51. Rb5+ Kf4 52. Bg6 Be1 53. Rxh5 Bf2
54. Rf5+ Ke3 55. Re5+ Kd4 56. Re4+ Kc3 57. Rxg4 Rg1+ 58. Kf3 Be1 59. h5 Rh1 60.
Rg5 Rh2 61. a4 Kb3 62. Rg4 Ka3 63. Be8 Rf2+ 64. Ke3 Bd2+ 65. Kd3 Bf4 66. Bc6 Kb3
67. Rg6 Rh2 68. Ke4 Bc7 69. h6 g2 70. Bb5 Bd6 71. Kf3 Bc5 72. Rxg2 Rxh6 73. Ke4
Rd6 1/2-1/2

[Event "European Rapid 2017"]
[Site "Katowice POL"]
[Date "2017.12.17"]
[Round "10.15"]
[White "Bosiocic, Marin"]
[Black "Alekseev, Evgeny"]
[Result "0-1"]
[WhiteTitle "GM"]
[BlackTitle "GM"]
[WhiteElo "2624"]
[BlackElo "2616"]
[WhiteFideId "14507927"]
[BlackFideId "4138147"]
[EventDate "2017.12.16"]

1. d4 e6 2. Nf3 c5 3. e3 Nf6 4. Bd3 b6 5. O-O Bb7 6. c4 cxd4 7. exd4 Be7 8. Nc3
d6 9. d5 e5 10. Ng5 h6 11. Nge4 Nxe4 12. Nxe4 O-O 13. Ng3 Bg5 14. Qg4 Bc8 15.
Bf5 Bxc1 16. Raxc1 Nd7 17. Nh5 Qg5 18. Qxg5 hxg5 19. Ng3 Rd8 20. Ne4 Nc5 21.
Bxc8 Nxe4 22. Bb7 Rab8 23. Bc6 f5 24. b4 Rbc8 25. f3 Nf6 26. Rc3 Rc7 27. Ra3 g6
28. Rb3 Kg7 29. a4 g4 30. a5 gxf3 31. gxf3 e4 32. f4 Re7 33. axb6 axb6 34. Ra3
Nh5 35. Rf2 Kf6 36. h4 Rh8 37. Kf1 e3 38. Rf3 e2+ 39. Ke1 Re4 40. Rae3 Rxe3 41.
Rxe3 Nxf4 42. Kd2 Rxh4 43. c5 bxc5 44. b5 Nxd5 45. Bxd5 Rd4+ 46. Kc3 Rxd5 47.
Rxe2 f4 48. b6 Rh5 49. Kc4 Rh8 50. Kd5 Rb8 51. Re6+ Kf5 52. Rxd6 f3 53. Kxc5 g5
54. Kd4 f2 55. Rd7 0-1

[Event "European Rapid 2017"]
[Site "Katowice POL"]
[Date "2017.12.17"]
[Round "10.16"]
[White "Georgiev, Kiril"]
[Black "Arnaudov, G. Petar"]
[Result "1-0"]
[WhiteTitle "GM"]
[BlackTitle "GM"]
[WhiteElo "2623"]
[BlackElo "2439"]
[WhiteFideId "2900017"]
[BlackFideId "2907127"]
[EventDate "2017.12.16"]

1. d4 Nf6 2. c4 b6 3. Nc3 Bb7 4. d5 e6 5. a3 exd5 6. cxd5 Bd6 7. Nf3 O-O 8. Bg5
h6 9. Bh4 Re8 10. e3 c6 11. Bc4 Ba6 12. Bxa6 Nxa6 13. O-O Nc7 14. dxc6 dxc6 15.
Qa4 b5 16. Qc2 g5 17. Bg3 Bxg3 18. hxg3 Ne6 19. Rad1 Qe7 20. e4 Nd7 21. Rfe1 g4
22. Nh4 Ne5 23. Nf5 Qg5 24. Ne2 Rad8 25. Qc3 Rxd1 26. Rxd1 Ng7 27. Ned4 Nxf5 28.
Nxf5 Qf6 29. Qe3 Nc4 30. Qf4 Kh7 31. b3 Ne5 32. Rd4 Re6 33. b4 h5 34. Kh2 Nc4
35. Rd7 Ne5 36. Rxa7 Nd3 37. Qe3 Ne5 38. Rc7 Qd8 39. Ra7 Qf6 40. Qd4 Qg5 41. Rc7
Qf6 42. Rc8 h4 43. Nxh4 Rd6 44. Qe3 Ng6 45. Nf5 Rd8 46. Qh6+ 1-0

[Event "European Rapid 2017"]
[Site "Katowice POL"]
[Date "2017.12.17"]
[Round "10.17"]
[White "Klekowski, Maciej"]
[Black "Miton, Kamil"]
[Result "1-0"]
[WhiteTitle "IM"]
[BlackTitle "GM"]
[WhiteElo "2498"]
[BlackElo "2584"]
[WhiteFideId "1132717"]
[BlackFideId "1111914"]
[EventDate "2017.12.16"]

1. c4 b6 2. Nc3 Bb7 3. d4 Nf6 4. Nf3 e6 5. a3 Be7 6. d5 O-O 7. e4 d6 8. Bd3 Nbd7
9. O-O Nc5 10. Bc2 a5 11. Re1 Nfd7 12. Bd2 Bf6 13. b4 Na6 14. Rb1 axb4 15. axb4
Ne5 16. Nxe5 Bxe5 17. f4 Bd4+ 18. Kh1 Nb8 19. Nb5 Bf6 20. e5 Bh4 21. Re3 g6 22.
exd6 cxd6 23. dxe6 Nc6 24. exf7+ Rxf7 25. Re6 Rf6 26. Rxf6 Bxf6 27. Be4 Qd7 28.
Qf3 Kg7 29. Bc3 Rf8 30. Rd1 d5 31. Rxd5 Qe7 32. Rd6 Ne5 33. Bxe5 Bxe5 34. Rxb6
Bxe4 35. Qxe4 Rxf4 36. Qe2 Qg5 37. Rb7+ Kh6 38. g3 Rf5 39. Kg2 Qc1 40. Re7 Qa1
41. Qd2+ g5 42. Re6+ Bf6 43. Qe2 g4 44. Nd6 Rf3 45. Ne4 Qa8 46. h3 Kg7 47. hxg4
Ra3 48. Kh3 Bd4 49. Qd2 Be3 50. Qd7+ 1-0

[Event "European Rapid 2017"]
[Site "Katowice POL"]
[Date "2017.12.17"]
[Round "10.18"]
[White "Stocek, Jiri"]
[Black "Chigaev, Maksim"]
[Result "0-1"]
[WhiteTitle "GM"]
[BlackTitle "GM"]
[WhiteElo "2566"]
[BlackElo "2555"]
[WhiteFideId "304760"]
[BlackFideId "4108116"]
[EventDate "2017.12.16"]

1. c4 g6 2. d4 Bg7 3. e4 d6 4. Nc3 Nf6 5. Nf3 O-O 6. Be2 c6 7. O-O e5 8. d5 Na6
9. Bg5 h6 10. Bh4 c5 11. Ne1 Bd7 12. a3 Qe8 13. Nd3 h5 14. b4 b6 15. bxc5 Nxc5
16. Nxc5 bxc5 17. Rb1 Nh7 18. f3 Bf6 19. Bf2 h4 20. Bd3 Bg5 21. h3 Qd8 22. Bc2
Qa5 23. Qd3 Rab8 24. Rxb8 Rxb8 25. Rb1 Rxb1+ 26. Nxb1 Nf6 27. Qc3 Qd8 28. Qe1
Nh5 29. Nc3 Nf4 30. Ne2 Nxe2+ 31. Qxe2 Qb6 32. Qe1 Qb2 33. Bxh4 Bf4 34. Qb1 Qxa3
35. Be7 Qe3+ 36. Kh1 Qf2 37. Bd3 Bxh3 38. Qg1 Qg3 39. Bxd6 Bg4 40. Be7 Bxf3 0-1

[Event "European Rapid 2017"]
[Site "Katowice POL"]
[Date "2017.12.17"]
[Round "10.19"]
[White "Ragger, Markus"]
[Black "Brodowski, Piotr"]
[Result "0-1"]
[WhiteTitle "GM"]
[BlackTitle "IM"]
[WhiteElo "2657"]
[BlackElo "2430"]
[WhiteFideId "1610856"]
[BlackFideId "1124480"]
[EventDate "2017.12.16"]

1. e4 c5 2. Nf3 Nc6 3. Bb5 g6 4. O-O Bg7 5. Nc3 Nf6 6. e5 Ng4 7. Bxc6 dxc6 8.
Re1 O-O 9. d3 b6 10. Bf4 Nh6 11. Ne4 Nf5 12. c3 Kh8 13. Qd2 f6 14. g4 g5 15.
exf6 gxf4 16. fxg7+ Nxg7 17. Ne5 Qd5 18. Ng5 c4 19. Nef7+ Rxf7 20. Re5 Rf8 21.
Rxd5 cxd5 22. dxc4 Bxg4 23. Qxd5 Bh5 24. Re1 Rad8 25. Qe5 Rf5 26. Qxg7+ Kxg7 27.
Ne6+ Kf6 28. Nxd8 Rg5+ 29. Kf1 e5 30. Nb7 Bf3 31. Nd6 Ke7 32. Nb5 a6 33. h4 Rg4
34. Nd4 Bg2+ 35. Kg1 Kf6 36. f3 Bxf3+ 37. Kf2 Bb7 38. Nf3 e4 39. Rg1 e3+ 0-1

[Event "European Rapid 2017"]
[Site "Katowice POL"]
[Date "2017.12.17"]
[Round "10.20"]
[White "Buhmann, Rainer"]
[Black "Zelcic, Robert"]
[Result "1/2-1/2"]
[WhiteTitle "GM"]
[BlackTitle "GM"]
[WhiteElo "2584"]
[BlackElo "2501"]
[WhiteFideId "4651340"]
[BlackFideId "14500310"]
[EventDate "2017.12.16"]

1. d4 Nf6 2. c4 e6 3. Nf3 Bb4+ 4. Nbd2 d5 5. e3 O-O 6. a3 Be7 7. Be2 a5 8. O-O
c5 9. cxd5 Nxd5 10. dxc5 Bxc5 11. Nb3 Bb6 12. Nbd4 Bd7 13. e4 Nf6 14. e5 Nd5 15.
Bg5 Qe8 16. Qd3 Nc6 17. Nb5 h6 18. Bd2 Qe7 19. Qe4 f5 20. exf6 Nxf6 21. Qh4 e5
22. Nc3 e4 23. Bc4+ Kh8 24. Ng5 Ne5 25. Ba2 Ng6 26. Qg3 hxg5 27. Qxg5 Kh7 28.
Nd5 Nxd5 29. Qh5+ Kg8 30. Bxd5+ Be6 31. Qxg6 Bxd5 32. Qxb6 Ra6 33. Qd4 Qf7 34.
Be3 Rg6 35. Rfd1 Bc6 36. Qe5 Qf3 37. g3 Kh7 38. Rd6 Rxd6 39. Qxd6 Rf6 40. Qd8 a4
41. Rc1 Rf7 42. Qh4+ Kg8 43. h3 Rd7 44. Kh2 Rd2 45. Kg1 Rxb2 46. Qd8+ Kh7 47.
Qh4+ Kg8 48. Qd8+ Kf7 49. Qc7+ Kg6 50. Qe5 Rb3 51. Qg5+ Kh7 52. Bd4 Qf7 53. Be3
Rb5 54. Qg4 Qg6 55. Qe2 Rh5 56. Kg2 Bd7 57. g4 Rd5 58. Rc5 Rxc5 59. Bxc5 Bc6 60.
Be3 Qf6 61. Qc4 Qf3+ 62. Kh2 Qf6 63. Qc5 Qe6 64. Kg3 Kg8 65. Qd4 Qf7 66. Qe5
Qf3+ 67. Kh2 Qf7 68. h4 Qg6 69. Qf4 Qf7 70. Qb8+ Kh7 71. Qe5 Qg6 72. Kg3 Kg8 73.
h5 Qf7 74. Kh2 Qd5 75. Qe7 Qf7 76. Qe5 Qd5 77. Qf4 Qf7 78. Qb8+ Qf8 79. Qe5 Qe8
80. Qg5 Qf7 81. Kg1 Bd7 82. Bd4 Kh7 83. Kh2 b5 84. Kg1 Be6 85. Kh2 Bd7 86. Kg1
Be6 87. Be3 Bd7 88. h6 Qg6 89. Qxg6+ Kxg6 90. hxg7 Kxg7 91. g5 1/2-1/2

[Event "European Rapid 2017"]
[Site "Katowice POL"]
[Date "2017.12.17"]
[Round "10.21"]
[White "Piorun, Kacper"]
[Black "Valsecchi, Alessio"]
[Result "0-1"]
[WhiteTitle "GM"]
[BlackTitle "IM"]
[WhiteElo "2651"]
[BlackElo "2501"]
[WhiteFideId "1130420"]
[BlackFideId "818860"]
[EventDate "2017.12.16"]

1. e4 c5 2. Nc3 Nc6 3. g3 g6 4. Bg2 Bg7 5. d3 e6 6. Be3 d6 7. Nge2 Nge7 8. d4
cxd4 9. Nxd4 O-O 10. O-O d5 11. Nxc6 bxc6 12. Na4 Ba6 13. Re1 Bb5 14. c3 dxe4
15. Nc5 Nd5 16. Bxe4 Nxe3 17. Rxe3 Qe7 18. Nb3 Rad8 19. Qf3 c5 20. Bd3 c4 21.
Bf1 Qc7 22. Qe2 e5 23. Qe1 Rd5 24. Rd1 Rxd1 25. Qxd1 Rd8 26. Qe1 cxb3 27. Bxb5
bxa2 28. Qa1 Qc5 29. Bf1 Qa5 30. Re1 Rd2 31. Be2 h5 32. Kf1 Qd5 33. Kg1 e4 34.
Rd1 Rxd1+ 35. Bxd1 Qd3 36. Qxa2 Qxd1+ 37. Kg2 Qf3+ 38. Kg1 e3 39. fxe3 Bh6 0-1

[Event "European Rapid 2017"]
[Site "Katowice POL"]
[Date "2017.12.17"]
[Round "10.22"]
[White "Pena Gomez, Manuel"]
[Black "Fressinet, Laurent"]
[Result "0-1"]
[WhiteTitle "IM"]
[BlackTitle "GM"]
[WhiteElo "2491"]
[BlackElo "2662"]
[WhiteFideId "2252813"]
[BlackFideId "608742"]
[EventDate "2017.12.16"]

1. e4 e5 2. Nf3 Nc6 3. Bb5 a6 4. Ba4 d6 5. d4 b5 6. Bb3 Nxd4 7. Nxd4 exd4 8. c3
d3 9. Qxd3 Nf6 10. O-O Be7 11. c4 O-O 12. Nc3 Nd7 13. Nd5 Nc5 14. Qc2 Be6 15.
cxb5 axb5 16. Be3 Nxb3 17. axb3 Bxd5 18. exd5 Bf6 19. Qc6 Bxb2 20. Rxa8 Qxa8 21.
Qxb5 Rb8 22. Qc4 Qb7 23. Rb1 Bf6 24. g3 h5 25. h4 Re8 26. Qc6 Qc8 27. Rc1 Be5
28. Kg2 Re7 29. Bg5 f6 30. Be3 Qf5 31. Qc2 Qg4 32. Qc4 Qg6 33. Qc2 f5 34. b4
Bxg3 35. fxg3 Rxe3 36. Qf2 Re7 37. Rf1 Re5 38. Rc1 Qf7 39. Qa2 f4 40. Rf1 Qe8
41. Rf2 fxg3 42. Kxg3 Qg6+ 43. Kh2 Qg4 44. Qa8+ Kh7 45. Qd8 Re3 46. Rg2 Qh3+ 47.
Kg1 Re1+ 0-1

[Event "European Rapid 2017"]
[Site "Katowice POL"]
[Date "2017.12.17"]
[Round "10.23"]
[White "Plat, Vojtech"]
[Black "Sergeev, Vladimir"]
[Result "1-0"]
[WhiteTitle "GM"]
[BlackTitle "GM"]
[WhiteElo "2567"]
[BlackElo "2406"]
[WhiteFideId "325740"]
[BlackFideId "14101076"]
[EventDate "2017.12.16"]

1. c4 Nf6 2. Nc3 g6 3. g3 Bg7 4. Bg2 O-O 5. d4 d6 6. Nf3 Bg4 7. h3 Bxf3 8. Bxf3
c6 9. O-O Nbd7 10. Bg2 e6 11. e4 a6 12. Bf4 e5 13. dxe5 dxe5 14. Be3 Qe7 15. a3
Nc5 16. Bxc5 Qxc5 17. Qe2 Rfd8 18. b4 Qe7 19. Rad1 h5 20. c5 h4 21. Qc4 hxg3 22.
fxg3 Nh5 23. Ne2 Bh6 24. Rd6 Rxd6 25. cxd6 Qd7 26. Kh2 Rf8 27. Rd1 Kg7 28. Qc5
Re8 29. Nc3 b5 30. Ne2 Kg8 31. Ng1 Nf6 32. Qb6 Re6 33. Nf3 Bf8 34. Qxa6 Nxe4 35.
Rc1 Qxd6 36. Qc8 Kg7 37. h4 Be7 38. Re1 Nxg3 39. Kxg3 e4+ 40. Kh3 exf3 41. Rxe6
fxg2 42. Rxd6 g1=Q 43. Rxc6 Qe3+ 44. Kg2 Bxh4 45. Rc2 Qg3+ 46. Kf1 Qf3+ 47. Kg1
Bf6 48. Qc6 Bd4+ 49. Kh2 Be5+ 50. Kg1 Qd3 51. Kg2 Bd4 52. Ra2 Qb3 53. Re2 Be5
54. Qf3 Qe6 55. Qe4 f6 56. Qb7+ Kh6 57. Qf3 Kg7 58. Rd2 g5 59. Qb7+ Kh6 60. Qd7
Qg8 61. Qh3+ Kg6 62. Qd3+ Kg7 63. Qd5 Qb8 64. Qc6 Kg6 65. Rd7 Kf5 66. Qf3+ Ke6
67. Qd5+ Kf5 68. Rb7 Qa8 69. Qf3+ 1-0

[Event "European Rapid 2017"]
[Site "Katowice POL"]
[Date "2017.12.17"]
[Round "10.24"]
[White "Heberla, Bartlomiej"]
[Black "Pultinevicius, Paulius"]
[Result "0-1"]
[WhiteTitle "GM"]
[BlackTitle "IM"]
[WhiteElo "2555"]
[BlackElo "2371"]
[WhiteFideId "1115120"]
[BlackFideId "12809390"]
[EventDate "2017.12.16"]

1. c4 g6 2. Nc3 c5 3. Nf3 Bg7 4. d4 cxd4 5. Nxd4 Nc6 6. Nc2 Bxc3+ 7. bxc3 Qa5 8.
e4 Nf6 9. f3 O-O 10. Be2 d6 11. O-O Be6 12. Ne3 Rac8 13. Nd5 Bxd5 14. cxd5 Ne5
15. Bd2 Nc4 16. Bxc4 Rxc4 17. Qb3 Rc7 18. Kh1 Rfc8 19. Rfe1 Nd7 20. a4 Nc5 21.
Qc2 Qa6 22. Kg1 Nd3 23. Re3 Ne5 24. Be1 b5 25. Qd1 b4 26. cxb4 Qb6 27. Bf2 Qxb4
28. Rb3 Qa5 29. Rb5 Qa6 30. h4 h5 31. Qd4 Rc1+ 32. Rxc1 Rxc1+ 33. Kh2 Rc4 34.
Qb2 Qxa4 35. Rb8+ Kg7 36. Bg3 Rd4 37. Qb7 Nxf3+ 38. gxf3 Rd2+ 39. Kh3 Qd1 40.
Qb1 Qxf3 41. Qa1+ f6 0-1

[Event "European Rapid 2017"]
[Site "Katowice POL"]
[Date "2017.12.17"]
[Round "10.25"]
[White "Krasenkow, Michal"]
[Black "Bednarek, Sylwester"]
[Result "1-0"]
[WhiteTitle "GM"]
[BlackTitle "FM"]
[WhiteElo "2671"]
[BlackElo "2307"]
[WhiteFideId "1113100"]
[BlackFideId "1101811"]
[EventDate "2017.12.16"]

1. d4 Nf6 2. c4 c5 3. d5 e6 4. Nc3 exd5 5. cxd5 d6 6. e4 g6 7. h3 Bg7 8. Nf3 O-O
9. Bd3 a6 10. a4 h6 11. O-O g5 12. Nd2 Nbd7 13. Nc4 Nb6 14. f4 Nxc4 15. Bxc4 Nd7
16. Qh5 gxf4 17. Bxf4 Qf6 18. Be2 Ne5 19. Rf2 Bd7 20. Raf1 Qg6 21. Qh4 Rab8 22.
Bh5 Bf6 23. Qg3 Qxg3 24. Bxg3 Bg7 25. Rf6 Bxf6 26. Rxf6 Nc4 27. b3 Kg7 28. Bh4
Ne5 29. Rxd6 f6 30. Ne2 b6 31. Nf4 Rb7 32. Be2 Nf7 33. Nh5+ Kh8 34. Rxf6 Rbb8
35. Bxa6 Kh7 36. Bg3 Ra8 37. Rxb6 Bc8 38. Bd3 Ng5 39. h4 c4 40. bxc4 Nf3+ 41.
gxf3 Rxf3 42. Bb1 Ra6 43. e5+ Kg8 44. Rb8 Rf8 45. e6 Bxe6 46. Rxf8+ Kxf8 47.
dxe6 Rxe6 48. a5 Re3 49. Kf2 Ra3 50. Bd6+ 1-0